[Event "Turkey Cup 2020"]
[Site "Antalya-Belek"]
[Date "2020.01.29"]
[Round "6.85"]
[White "Caglar, Mehmet Halil"]
[Black "Yenice, Yusuf Erkan"]
[Result "1-0"]
[WhiteElo "1670"]
[BlackElo "1508"]
[Annotator "NA"]
[PlyCount "130"]
[EventDate "2020.01.26"]
[EventType "swiss"]
[EventCountry "TUR"]
[SourceTitle "playchess.com"]
[Source "ChessBase"]
[SourceQuality "1"]

1. e4 c5 2. Nf3 e6 3. d4 cxd4 4. Nxd4 a6 5. Nd2 d6 6. f4 Nf6 7. Bd3 Nc6 8. N4b3 Be7 9. Nc4 b5 10. Ne3 Bb7 11. Bd2 O-O 12. O-O Qb6 13. Kh1 Nd4 14. e5 dxe5 15. fxe5 Ne4 16. Nxd4 Qxd4 17. Rf4 Qxe5 18. Ng4 Qd6 19. Rxe4 Bxe4 20. Bxe4 Rad8 21. Bd3 f5 22. Nf2 e5 23. Ba5 Rd7 24. a3 Qc6 25. c3 Bh4 26. Nh3 e4 27. Qb3+ Kh8 28. Bf1 f4 29. c4 Qe6 30. Qc2 f3 31. Bb4 Rc8 32. b3 Re8 33. cxb5 e3 34. Bc4 Qg4 35. Ng1 Rd2 36. Qxd2 exd2 37. Nxf3 axb5 38. Bxb5 Rd8 39. Nxd2 Bg5 40. Nf3 Qh5 41. Bc4 Bf4 42. a4 Qg4 43. a5 h5 44. a6 h4 45. h3 Qd7 46. Bc5 Ra8 47. a7 Bc7 48. Nxh4 Qc6 49. Bg1 Bb6 50. Ra6 Rxa7 51. Rxb6 Qc7 52. Ra6 Rxa6 53. Bxa6 Kh7 54. Bd3+ Kh8 55. Bc4 Kh7 56. Nf3 Qa5 57. Bd4 Qa2 58. Kh2 Qa3 59. Be5 Qa2 60. Ng5+ Kh6 61. h4 Qa5 62. Bf4 Kh5 63. Bg3 Qd2 64. Nf3 Qa2 65. Bd6 Qa5 1-0

[Event "Turkey Cup 2020"]
[Site "Antalya-Belek"]
[Date "2020.01.29"]
[Round "6.87"]
[White "Koksal, Recep"]
[Black "Atas, Remzi"]
[Result "1-0"]
[WhiteElo "1709"]
[BlackElo "1498"]
[Annotator "NA"]
[PlyCount "157"]
[EventDate "2020.01.26"]
[EventType "swiss"]
[EventCountry "TUR"]
[SourceTitle "playchess.com"]
[Source "ChessBase"]
[SourceQuality "1"]

1. Nf3 Nf6 2. d4 d5 3. c4 c6 4. Qc2 g6 5. Nc3 Bg7 6. e3 O-O 7. Bd3 Na6 8. a3 Nc7 9. O-O Be6 10. c5 b5 11. Bd2 Bd7 12. b4 Ne6 13. Ne5 Ne8 14. f4 f5 15. a4 a6 16. axb5 Bxe5 17. bxc6 Nxd4 18. Qa2 Nxc6 19. fxe5 Nxb4 20. Qb3 Nxd3 21. Qxd5+ e6 22. Qxd3 Bb5 23. Qxd8 Rxd8 24. Nxb5 axb5 25. Ba5 Rc8 26. Rfc1 Nc7 27. Bxc7 Rxc7 28. Ra6 Rfc8 29. c6 b4 30. Rb6 b3 31. Kf2 b2 32. Rb1 Rxc6 33. R1xb2 R8c7 34. Rb8+ Kg7 35. R2b6 Kh6 36. R8b7 g5 37. h3 Kg6 38. Rb8 Rxb6 39. Rxb6 Kf7 40. Rb5 h5 41. Kf3 h4 42. g4 hxg3 43. Kxg3 Kg6 44. Kf3 Kh5 45. Rb6 Re7 46. Rb8 Rc7 47. Rh8+ Kg6 48. Rf8 Rf7 49. Re8 Kh5 50. Rxe6 g4+ 51. Kg3 gxh3 52. Kxh3 Kg5 53. Kg2 Rh7 54. Kg3 Rf7 55. Re8 Rg7 56. Rh8 Rg6 57. Re8 Rg7 58. Kf3 Rf7 59. Rg8+ Kh6 60. Kf4 Kh7 61. Rg5 Kh8 62. e6 Rf8 63. Rxf5 Re8 64. Ke5 Kg8 65. e4 Kg7 66. Rf7+ Kg6 67. Rd7 Ra8 68. Rd1 Ra5+ 69. Kd6 Ra6+ 70. Ke7 Ra7+ 71. Kd6 Ra6+ 72. Ke5 Ra5+ 73. Rd5 Ra7 74. Rc5 Rb7 75. Kd6 Rb6+ 76. Rc6 Rb7 77. e5 Ra7 78. e7 Kf7 79. e6+ 1-0

[Event "Turkey Cup 2020"]
[Site "Antalya-Belek"]
[Date "2020.01.29"]
[Round "6.88"]
[White "Hazinedaroglu, Gokay"]
[Black "Ipek, Suat Sukru"]
[Result "1-0"]
[WhiteElo "1510"]
[BlackElo "1561"]
[Annotator "NA"]
[PlyCount "81"]
[EventDate "2020.01.26"]
[EventType "swiss"]
[EventCountry "TUR"]
[SourceTitle "playchess.com"]
[Source "ChessBase"]
[SourceQuality "1"]

1. d4 Nf6 2. Nf3 g6 3. e3 Bg7 4. Bd3 b6 5. Nbd2 d5 6. Qe2 O-O 7. e4 dxe4 8. Nxe4 Nbd7 9. Bg5 Bb7 10. O-O Nxe4 11. Bxe4 Bxe4 12. Qxe4 Nf6 13. Qh4 Re8 14. Ne5 Qd6 15. Qf4 Rad8 16. c3 Qd5 17. Bxf6 exf6 18. Nf3 Qd6 19. Qxd6 Rxd6 20. Rfe1 Kf8 21. Kf1 c6 22. Rxe8+ Kxe8 23. Ke2 Bh6 24. Kd3 Kd7 25. Re1 Re6 26. Re4 Bc1 27. b3 g5 28. g3 a5 29. c4 Kd6 30. c5+ Kc7 31. cxb6+ Kxb6 32. Rxe6 fxe6 33. Kc4 Ba3 34. g4 Kc7 35. Ne1 Kd6 36. Nd3 Kc7 37. Nc5 e5 38. dxe5 fxe5 39. Ne6+ Kd7 40. Nxg5 h6 41. Nf7 1-0

[Event "Turkey Cup 2020"]
[Site "Antalya-Belek"]
[Date "2020.01.29"]
[Round "6.89"]
[White "Pek, Efe Can"]
[Black "Karakaya, Mehmet"]
[Result "0-1"]
[WhiteElo "1602"]
[BlackElo "1367"]
[Annotator "NA"]
[PlyCount "71"]
[EventDate "2020.01.26"]
[EventType "swiss"]
[EventCountry "TUR"]
[SourceTitle "playchess.com"]
[Source "ChessBase"]
[SourceQuality "1"]

1. Nf3 c5 2. g3 Nc6 3. Bg2 d6 4. O-O g6 5. d4 cxd4 6. Nxd4 Nxd4 7. Qxd4 Nf6 8. c4 Bg7 9. Nc3 O-O 10. Qd3 a6 11. e4 Qc7 12. Be3 Be6 13. Nd5 Bxd5 14. cxd5 Rac8 15. Rac1 Qa5 16. a3 Ng4 17. Bd2 Qb6 18. Qe2 h5 19. h3 Ne5 20. Bc3 Rc7 21. Rc2 Rfc8 22. Rcc1 Nc4 23. Bxg7 Kxg7 24. Rc2 Na5 25. Rfc1 Nb3 26. Rxc7 Nxc1 27. Rxc1 Rxc1+ 28. Kh2 Qb3 29. g4 Rc2 30. Qd1 hxg4 31. Qd4+ Kh7 32. e5 Qxb2 33. Qxg4 Rxf2 34. e6 Rxg2+ 35. Qxg2 Qxg2+ 36. Kxg2 0-1

[Event "Turkey Cup 2020"]
[Site "Antalya-Belek"]
[Date "2020.01.29"]
[Round "6.90"]
[White "Kilic, Emrah"]
[Black "Korkmaz, Necmettin"]
[Result "0-1"]
[WhiteElo "1478"]
[BlackElo "2157"]
[Annotator "ChessBase"]
[PlyCount "30"]
[EventDate "2020.01.26"]
[EventType "swiss"]
[EventCountry "TUR"]
[SourceTitle "playchess.com"]
[Source "ChessBase"]
[SourceQuality "1"]

1. d4 d5 2. Nf3 Nf6 3. c4 c6 4. e3 e6 5. Bd3 Nbd7 6. O-O Bd6 7. b3 e5 8. dxe5 Nxe5 9. Bb2 Nxf3+ 10. Qxf3 Bg4 11. Bxf6 Qd7 12. Bf5 Bxf5 13. Bxg7 Rg8 14. Bb2 Be4 15. Qxe4+ dxe4 0-1

[Event "Turkey Cup 2020"]
[Site "Antalya-Belek"]
[Date "2020.01.29"]
[Round "6.91"]
[White "Avanoglu, Nurulllah"]
[Black "Gunay, Mehmet Eren"]
[Result "0-1"]
[WhiteElo "1569"]
[BlackElo "1803"]
[Annotator "NA"]
[PlyCount "112"]
[EventDate "2020.01.26"]
[EventType "swiss"]
[EventCountry "TUR"]
[SourceTitle "playchess.com"]
[Source "ChessBase"]
[SourceQuality "1"]

1. e4 c5 2. Nf3 d6 3. d4 cxd4 4. Nxd4 Nf6 5. Nc3 g6 6. Bd3 Nc6 7. Be3 Bg7 8. h3 O-O 9. a3 d5 10. Nxc6 bxc6 11. exd5 cxd5 12. Bd4 e5 13. Bc5 Re8 14. f3 Qc7 15. Bf2 e4 16. fxe4 Nxe4 17. Bxe4 Bxc3+ 18. bxc3 Qxc3+ 19. Kf1 dxe4 20. Bd4 Qc4+ 21. Kf2 Bb7 22. Re1 Rad8 23. c3 Qd5 24. Qg4 f5 25. Qg5 Qc6 26. Rab1 h6 27. Qg3 f4 28. Qg4 Bc8 29. Qh4 g5 30. Qh5 Bf5 31. Kg1 e3 32. Rb4 Qg6 33. Qxg6+ Bxg6 34. Rb7 Be4 35. Rxa7 Ra8 36. Rg7+ Kf8 37. Rc7 Rec8 38. Rxc8+ Rxc8 39. a4 Kf7 40. a5 Rb8 41. Bb6 Ke6 42. c4 Kf5 43. c5 h5 44. Rc1 Bc6 45. a6 g4 46. hxg4+ hxg4 47. a7 Re8 48. Ra1 f3 49. gxf3 gxf3 50. Bc7 f2+ 51. Kf1 Ke4 52. Bg3 Kf3 53. Bxf2 Bb5+ 54. Ke1 exf2+ 55. Kd2 f1=Q 56. a8=Q+ Rxa8 0-1

[Event "Turkey Cup 2020"]
[Site "Antalya-Belek"]
[Date "2020.01.29"]
[Round "6.92"]
[White "Eren, Alper"]
[Black "Sari, Engin"]
[Result "1-0"]
[WhiteElo "1846"]
[BlackElo "1474"]
[Annotator "NA"]
[PlyCount "69"]
[EventDate "2020.01.26"]
[EventType "swiss"]
[EventCountry "TUR"]
[SourceTitle "playchess.com"]
[Source "ChessBase"]
[SourceQuality "1"]

1. e4 Nc6 2. Nf3 e5 3. d4 exd4 4. Bc4 Bc5 5. Ng5 Nh6 6. Nxf7 Nxf7 7. Bxf7+ Kxf7 8. Qh5+ g6 9. Qxc5 d6 10. Qb5 Re8 11. O-O Re5 12. Qd3 Qh4 13. Nd2 Rh5 14. Nf3 Qf6 15. h3 Be6 16. Bd2 Ne5 17. Nxe5+ dxe5 18. f4 Kg8 19. b4 exf4 20. Rxf4 Qe5 21. Raf1 Qg7 22. Rf6 Qe7 23. Qxd4 Rd8 24. Qc3 Bxa2 25. Bc1 Qe5 26. Qf3 Qd4+ 27. Kh1 Qxb4 28. Ba3 Qd4 29. Rf8+ Kg7 30. Bb2 Qxb2 31. Rxd8 Qb4 32. Rd7+ Kg8 33. Qf6 Rxh3+ 34. gxh3 Qxe4+ 35. Qf3 1-0

[Event "Turkey Cup 2020"]
[Site "Antalya-Belek"]
[Date "2020.01.29"]
[Round "6.93"]
[White "Seb, Ozgur"]
[Black "Onem, Cem"]
[Result "1/2-1/2"]
[WhiteElo "1573"]
[BlackElo "1805"]
[Annotator "NA"]
[PlyCount "154"]
[EventDate "2020.01.26"]
[EventType "swiss"]
[EventCountry "TUR"]
[SourceTitle "playchess.com"]
[Source "ChessBase"]
[SourceQuality "1"]

1. c4 e5 2. Nc3 Nf6 3. g3 Bb4 4. Bg2 c6 5. Qb3 Qe7 6. e3 Na6 7. Nge2 Nc5 8. Qc2 e4 9. O-O O-O 10. a3 Bxc3 11. Nxc3 a5 12. b3 d6 13. f3 exf3 14. Bxf3 Bh3 15. Re1 Ne6 16. Ne2 Ng5 17. Bh1 Ng4 18. Nf4 Ne5 19. Nxh3 Nxh3+ 20. Kg2 Qe6 21. d4 Ng6 22. Qe2 Ng5 23. e4 f6 24. Bb2 Rae8 25. Kg1 f5 26. e5 dxe5 27. d5 Qd6 28. h4 Nf7 29. dxc6 bxc6 30. Rad1 Qc5+ 31. Kh2 f4 32. Be4 fxg3+ 33. Kxg3 Nf4 34. Qe3 Qe7 35. Qf3 Qe6 36. Kh2 Qh6 37. Qg4 Rd8 38. Bc1 Qf6 39. Rxd8 Rxd8 40. Rg1 g6 41. Rf1 Rf8 42. Bxf4 exf4 43. Qxf4 Qxf4+ 44. Rxf4 Ne5 45. Kg3 Re8 46. b4 axb4 47. axb4 Rb8 48. c5 Kg7 49. Bg2 Nd3 50. Rd4 Nxb4 51. Rd7+ Kh6 52. Rd6 Rb5 53. Bxc6 Rxc5 54. Bf3 Rc3 55. h5 Nd3 56. hxg6 hxg6 57. Re6 Kg7 58. Re3 Rb3 59. Bd5 Rc3 60. Be4 Kf6 61. Bxd3 Ra3 62. Kf4 g5+ 63. Kg4 Rc3 64. Rf3+ Ke5 65. Rf5+ Ke6 66. Be4 Rc4 67. Kf3 g4+ 68. Kf4 Rd4 69. Rg5 Kd6 70. Rxg4 Kc5 71. Ke3 Rd8 72. Bd3 Rd6 73. Kd2 Rd4 74. Rg8 Rd5 75. Kc3 Rh5 76. Rc8+ Kd6 77. Be4 Rc5+ 1/2-1/2

[Event "Turkey Cup 2020"]
[Site "Antalya-Belek"]
[Date "2020.01.29"]
[Round "6.94"]
[White "Saglam, Baver"]
[Black "Demir, Zeki"]
[Result "1-0"]
[WhiteElo "1364"]
[BlackElo "1703"]
[Annotator "NA"]
[PlyCount "113"]
[EventDate "2020.01.26"]
[EventType "swiss"]
[EventCountry "TUR"]
[SourceTitle "playchess.com"]
[Source "ChessBase"]
[SourceQuality "1"]

1. d4 d5 2. c4 e6 3. Nc3 Nf6 4. Bg5 Be7 5. e3 Nbd7 6. Nf3 h6 7. Bh4 O-O 8. Bd3 c5 9. O-O b6 10. Bg3 Bb7 11. Nb5 Ne4 12. Bxe4 dxe4 13. Ne5 a6 14. Nc3 Nf6 15. Qb3 Nh5 16. Rfd1 cxd4 17. Rxd4 Qc8 18. Nd7 Bc5 19. Nxf8 Nxg3 20. Rdd1 Nf5 21. Nd7 Qc6 22. Nxc5 bxc5 23. Na4 Rb8 24. Qa3 Rc8 25. Rd2 e5 26. Rad1 Qg6 27. Rd8+ Kh7 28. Nxc5 Nh4 29. g3 Nf3+ 30. Kg2 Qh5 31. Nxb7 Qxh2+ 32. Kf1 Rxc4 33. Qb3 Rc7 34. Na5 h5 35. Rh8+ Kxh8 36. Qb8+ Kh7 37. Qxc7 Qh3+ 38. Ke2 Qg4 39. Qc4 Kh6 40. Nb3 h4 41. gxh4 f5 42. Qxa6+ Kh7 43. h5 Qxh5 44. Qc4 Kh6 45. a4 f4 46. Rd6+ g6 47. Rd8 Kg5 48. exf4+ Kxf4 49. Qc1+ Kf5 50. Rf8+ Kg4 51. Nd2 Nd4+ 52. Ke1 Qh6 53. Qd1+ Kh3 54. Rd8 Qf4 55. Rxd4 exd4 56. Qe2 Kg2 57. Qxe4+ 1-0

[Event "Turkey Cup 2020"]
[Site "Antalya-Belek"]
[Date "2020.01.29"]
[Round "6.95"]
[White "Atasoy, Ata"]
[Black "Fazla, Onder Zafer"]
[Result "1-0"]
[WhiteElo "1527"]
[BlackElo "1646"]
[Annotator "NA"]
[PlyCount "85"]
[EventDate "2020.01.26"]
[EventType "swiss"]
[EventCountry "TUR"]
[SourceTitle "playchess.com"]
[Source "ChessBase"]
[SourceQuality "1"]

1. e4 d5 2. exd5 Qxd5 3. Nc3 Qa5 4. d4 Nf6 5. Nf3 Bf5 6. Bd2 c6 7. Bc4 e6 8. O-O Nbd7 9. Nd5 Qd8 10. Nxf6+ Nxf6 11. Bf4 Bd6 12. Bxd6 Qxd6 13. c3 O-O-O 14. b4 Nd5 15. Qb3 f6 16. a4 g5 17. b5 h5 18. Ra2 h4 19. Rb2 g4 20. bxc6 Qxc6 21. Bxd5 exd5 22. Nd2 Rh7 23. a5 Rc7 24. Rc1 Bd3 25. Qd1 f5 26. Nb3 Bc4 27. Nc5 Re8 28. Rcb1 Ba6 29. Qd2 Rce7 30. Kh1 Re2 31. Qd1 f4 32. Rxe2 Bxe2 33. Qc2 Qf6 34. Qh7 Qe7 35. Qf5+ Kb8 36. Rxb7+ Qxb7 37. Nxb7 f3 38. Nc5 fxg2+ 39. Kxg2 Bf3+ 40. Kf1 h3 41. Qb1+ Kc7 42. Qb7+ Kd6 43. Qd7# 1-0

[Event "Turkey Cup 2020"]
[Site "Antalya-Belek"]
[Date "2020.01.29"]
[Round "6.97"]
[White "Acar, Kaan"]
[Black "Pulat, Gulce"]
[Result "1/2-1/2"]
[WhiteElo "1636"]
[BlackElo "1539"]
[Annotator "NA"]
[PlyCount "132"]
[EventDate "2020.01.26"]
[EventType "swiss"]
[EventCountry "TUR"]
[SourceTitle "playchess.com"]
[Source "ChessBase"]
[SourceQuality "1"]

1. e4 e5 2. Bc4 Nf6 3. d3 c6 4. Nf3 d5 5. Bb3 a5 6. a4 Bd6 7. Nc3 dxe4 8. Ng5 O-O 9. Ncxe4 h6 10. Nxf6+ Qxf6 11. Ne4 Qd8 12. Qh5 Bb4+ 13. Kf1 Be6 14. Bxe6 fxe6 15. Qg6 Kh8 16. Qxe6 Qd5 17. Qg6 Qf7 18. Qg3 Nd7 19. Be3 Rae8 20. h4 Nf6 21. Nxf6 Qxf6 22. h5 e4 23. d4 Bd6 24. Qg4 Bf4 25. Qxf4 Qxf4 26. Bxf4 Rxf4 27. Ke2 e3 28. fxe3 Rxd4 29. b3 Rde4 30. Rh3 R4e5 31. c4 Rg5 32. Rg1 Ree5 33. g4 b5 34. Kd3 bxc4+ 35. bxc4 Re8 36. Rf3 Rge5 37. Rb1 Rd8+ 38. Ke2 Re4 39. Rf4 Rde8 40. Rxe4 Rxe4 41. Kd3 Rxg4 42. Rb8+ Kh7 43. Rc8 Rg5 44. Rxc6 Rxh5 45. Rc7 Kg8 46. e4 g5 47. Rc5 Rh3+ 48. Ke2 Rh2+ 49. Kf3 Rc2 50. Kg4 Kf7 51. Rc6 Rg2+ 52. Kf3 Ra2 53. Rxh6 Rxa4 54. Rc6 Ra1 55. c5 a4 56. Ra6 a3 57. Kg2 Rc1 58. Rxa3 Rxc5 59. Kf3 Ke6 60. Ra8 Ke5 61. Re8+ Kd4 62. Rd8+ Ke5 63. Re8+ Kd4 64. Kg4 Re5 65. Rxe5 Kxe5 66. Kxg5 Kxe4 1/2-1/2

[Event "Turkey Cup 2020"]
[Site "Antalya-Belek"]
[Date "2020.01.29"]
[Round "6.98"]
[White "Satiroglu, Kaan"]
[Black "Savli, Sadrettin"]
[Result "1-0"]
[WhiteElo "1640"]
[BlackElo "1436"]
[Annotator "NA"]
[PlyCount "69"]
[EventDate "2020.01.26"]
[EventType "swiss"]
[EventCountry "TUR"]
[SourceTitle "playchess.com"]
[Source "ChessBase"]
[SourceQuality "1"]

1. e4 d5 2. exd5 Qxd5 3. Nc3 Qd8 4. d4 g6 5. Bc4 Bg7 6. Nf3 Nf6 7. O-O O-O 8. h3 c6 9. Be3 b6 10. Qd2 Bb7 11. Bh6 e6 12. Bxg7 Kxg7 13. Qf4 Nd5 14. Nxd5 cxd5 15. Bd3 Ba6 16. Bxa6 Nxa6 17. c3 Rc8 18. Rfe1 Nb8 19. g4 Nc6 20. g5 Ne7 21. Nh2 Nf5 22. Ng4 Qc7 23. Qf3 h5 24. Nf6 b5 25. a3 a5 26. Re5 b4 27. axb4 axb4 28. Rxf5 exf5 29. cxb4 Qc4 30. Qe3 Qxb4 31. Qe5 Rfe8 32. Nxe8+ Kf8 33. Re1 Qxe1+ 34. Qxe1 Rxe8 35. Qb4+ 1-0

[Event "Turkey Cup 2020"]
[Site "Antalya-Belek"]
[Date "2020.01.29"]
[Round "6.99"]
[White "Akin, Bora Zubeyir"]
[Black "Ilbay, Hakki"]
[Result "0-1"]
[WhiteElo "1476"]
[BlackElo "1437"]
[Annotator "NA"]
[PlyCount "74"]
[EventDate "2020.01.26"]
[EventType "swiss"]
[EventCountry "TUR"]
[SourceTitle "playchess.com"]
[Source "ChessBase"]
[SourceQuality "1"]

1. e4 e5 2. Nf3 Nc6 3. d4 exd4 4. Bc4 Nf6 5. Ng5 d5 6. exd5 Na5 7. Qxd4 Nxc4 8. Qxc4 Qxd5 9. Qe2+ Be7 10. O-O h6 11. Nc3 Qf5 12. Nf3 Be6 13. Nd4 Qg4 14. Nxe6 Qxe6 15. Qb5+ c6 16. Qxb7 O-O 17. Bxh6 Rfb8 18. Qa6 gxh6 19. Rfe1 Qd7 20. Rad1 Bd6 21. Qd3 Rd8 22. Qf3 Kg7 23. Ne2 Qc7 24. Nd4 Bxh2+ 25. Kh1 Be5 26. Nf5+ Kh7 27. Qh3 Ng8 28. Rd3 Rxd3 29. Qxd3 Kh8 30. g3 Rd8 31. Qe3 Bg7 32. g4 Qd7 33. Kg2 Qd2 34. Qe4 Qg5 35. f3 Nf6 36. Qxc6 Qd2+ 37. Kf1 Qh2 0-1

[Event "Turkey Cup 2020"]
[Site "Antalya-Belek"]
[Date "2020.01.29"]
[Round "6.100"]
[White "Bilgin, Kaan Bora"]
[Black "Yalcindag, Hakan"]
[Result "0-1"]
[WhiteElo "1267"]
[BlackElo "1488"]
[Annotator "NA"]
[PlyCount "124"]
[EventDate "2020.01.26"]
[EventType "swiss"]
[EventCountry "TUR"]
[SourceTitle "playchess.com"]
[Source "ChessBase"]
[SourceQuality "1"]

1. e4 c5 2. Nf3 d6 3. d4 cxd4 4. Nxd4 Nf6 5. Nc3 a6 6. h3 e5 7. Nde2 Be6 8. g4 Nc6 9. Bg2 Rc8 10. Ng3 Be7 11. Nd5 Bxd5 12. exd5 Nb8 13. Nf5 g6 14. Nxe7 Qxe7 15. c3 Nbd7 16. Be3 Nc5 17. O-O b5 18. g5 Nh5 19. Bf3 Ng7 20. Bg4 Nf5 21. Bxf5 gxf5 22. Qf3 Qd7 23. Rad1 O-O 24. Bxc5 Rxc5 25. Kh2 Kh8 26. Rg1 Rg8 27. Rg2 Rc4 28. Rdg1 Rf4 29. Qd3 Qa7 30. Qd2 Rc8 31. Re1 Qb6 32. Rc1 Qc5 33. Re1 a5 34. Re3 a4 35. a3 Qc4 36. Qd1 Rh4 37. Qd3 Qxd3 38. Rxd3 Kg7 39. Kg3 Rcc4 40. Rf3 Kg6 41. Kh2 Rh5 42. Rd3 Rch4 43. f4 Rxf4 44. Rgg3 Rf2+ 45. Rg2 Rxg2+ 46. Kxg2 Rxg5+ 47. Rg3 Rxg3+ 48. Kxg3 f4+ 49. Kf3 Kf5 50. h4 e4+ 51. Kf2 h5 52. Ke2 Ke5 53. Kf2 Kxd5 54. Ke2 Kc4 55. Kf2 Kd3 56. Ke1 e3 57. Kf1 f3 58. Ke1 e2 59. Kf2 Kd2 60. Kxf3 e1=Q 61. Kf4 Qe5+ 62. Kf3 f5 0-1

[Event "Turkey Cup 2020"]
[Site "Antalya-Belek"]
[Date "2020.01.29"]
[Round "6.101"]
[White "Mermer, Yunus"]
[Black "Celiktas, Sami"]
[Result "1-0"]
[WhiteElo "1592"]
[BlackElo "1448"]
[Annotator "NA"]
[PlyCount "74"]
[EventDate "2020.01.26"]
[EventType "swiss"]
[EventCountry "TUR"]
[SourceTitle "playchess.com"]
[Source "ChessBase"]
[SourceQuality "1"]

1. d4 d5 2. c4 c6 3. cxd5 cxd5 4. Nf3 Nf6 5. Nc3 e6 6. Bf4 Be7 7. e3 a6 8. Bd3 O-O 9. O-O Nbd7 10. Rc1 b5 11. Ne5 Bb7 12. g4 Nxe5 13. Bxe5 Nd7 14. Bg3 Bh4 15. f4 Bxg3 16. hxg3 f5 17. g5 g6 18. Kf2 Rc8 19. Qe2 Rf7 20. a4 b4 21. Na2 a5 22. Ba6 Nb6 23. Qb5 Bxa6 24. Qxa6 Ra8 25. Qb5 Nc4 26. b3 Rb8 27. Qc6 Rb6 28. Qc5 Rc7 29. Rxc4 Rxc5 30. Rxc5 Rb7 31. Rfc1 Kg7 32. Rc8 Qe7 33. R1c5 h6 34. gxh6+ Kxh6 35. Rxa5 Rc7 36. Rxc7 Qxc7 37. Rc5 Kh5 1-0

[Event "Turkey Cup 2020"]
[Site "Antalya-Belek"]
[Date "2020.01.29"]
[Round "6.102"]
[White "Ersoy, Emre"]
[Black "Acar, Ozgur"]
[Result "1/2-1/2"]
[WhiteElo "1499"]
[BlackElo "1742"]
[Annotator "NA"]
[PlyCount "185"]
[EventDate "2020.01.26"]
[EventType "swiss"]
[EventCountry "TUR"]
[SourceTitle "playchess.com"]
[Source "ChessBase"]
[SourceQuality "1"]

1. e4 c6 2. d4 d5 3. e5 e6 4. c3 c5 5. Bd3 Nc6 6. Nf3 Qb6 7. dxc5 Bxc5 8. O-O Qd8 9. b4 Bb6 10. Re1 Nge7 11. Nbd2 Ng6 12. Nb3 Bc7 13. Bg5 f6 14. exf6 gxf6 15. Bh6 Kf7 16. Qc2 Nce7 17. c4 Bf4 18. Bxg6+ Nxg6 19. Bxf4 Nxf4 20. cxd5 Nxd5 21. Qe4 f5 22. Ne5+ Kg7 23. Qf3 Qf6 24. Nc5 Rd8 25. Rad1 b6 26. Ncd3 Ba6 27. Nf4 Nxf4 28. Qxf4 Bb7 29. Nd7 Qg6 30. Qd4+ Kg8 31. g3 Bc6 32. Nf6+ Kf7 33. Qc3 Rxd1 34. Rxd1 Qxf6 35. Qxc6 Re8 36. Rd7+ Re7 37. Rd8 Qa1+ 38. Kg2 Qxa2 39. Qf3 Kg6 40. Rg8+ Rg7 41. Rd8 Qc4 42. h3 Qxb4 43. Qd1 Qe4+ 44. Kh2 Kf6 45. h4 f4 46. Rd4 fxg3+ 47. fxg3 Qe5 48. Qf3+ Ke7 49. Qa3+ Ke8 50. Qd3 Qc7 51. Qb5+ Ke7 52. Qd3 Rf7 53. Rc4 Qd6 54. Rd4 Qc6 55. Qe3 Qc2+ 56. Rd2 Qc5 57. Qe2 Rf5 58. Rc2 Qe5 59. Qa6 Qa5 60. Qb7+ Kf6 61. Qxh7 Rc5 62. Qh6+ Ke7 63. Qg7+ Kd6 64. Qf8+ Kc6 65. Qc8+ Kb5 66. Rb2+ Ka4 67. Ra2+ Kb4 68. Rxa5 bxa5 69. Qxe6 a4 70. g4 a3 71. h5 Rc2+ 72. Kg3 a2 73. Qa6 Rc3+ 74. Kf4 Ra3 75. Qd6+ Kb3 76. Qd1+ Kb2 77. g5 a1=Q 78. Qxa1+ Rxa1 79. g6 Rg1 80. Kf5 a5 81. h6 a4 82. h7 Rh1 83. g7 Rxh7 84. g8=Q a3 85. Qxh7 a2 86. Qg7+ Kb1 87. Qg1+ Kb2 88. Qd4+ Kb1 89. Qb4+ Ka1 90. Qa3 Kb1 91. Qb3+ Ka1 92. Qd1+ Kb2 93. Ke4 1/2-1/2

[Event "Turkey Cup 2020"]
[Site "Antalya-Belek"]
[Date "2020.01.30"]
[Round "7.1"]
[White "Eren, Ataberk"]
[Black "Yaran, Siar"]
[Result "1/2-1/2"]
[WhiteElo "2274"]
[BlackElo "2248"]
[Annotator "RC"]
[PlyCount "32"]
[EventDate "2020.01.26"]
[EventType "swiss"]
[EventCountry "TUR"]
[SourceTitle "playchess.com"]
[Source "ChessBase"]
[SourceQuality "1"]

1. d4 d5 2. c4 e6 3. Nc3 Nf6 4. Bg5 Be7 5. e3 h6 6. Bh4 O-O 7. Nf3 b6 8. cxd5 Nxd5 9. Bxe7 Qxe7 10. Rc1 Bb7 11. Be2 Rc8 12. O-O c5 13. Qa4 Nd7 14. Rfd1 N7f6 15. Ne5 cxd4 16. Nxd5 Bxd5 1/2-1/2

[Event "Turkey Cup 2020"]
[Site "Antalya-Belek"]
[Date "2020.01.30"]
[Round "7.2"]
[White "Yilmazyerli, Mert"]
[Black "Isik, Alparslan"]
[Result "1/2-1/2"]
[WhiteElo "2411"]
[BlackElo "2328"]
[Annotator "TA"]
[PlyCount "41"]
[EventDate "2020.01.26"]
[EventType "swiss"]
[EventCountry "TUR"]
[SourceTitle "playchess.com"]
[Source "ChessBase"]
[SourceQuality "1"]

1. e4 c5 2. Nf3 d6 3. Bb5+ Nd7 4. d4 cxd4 5. Qxd4 a6 6. Bxd7+ Bxd7 7. O-O Nf6 8. Bg5 e6 9. Nbd2 Bb5 10. Rfe1 Be7 11. Rad1 O-O 12. a4 Bc6 13. Nc4 e5 14. Qd3 Bxa4 15. Nxd6 Bxd6 16. Qxd6 Bxc2 17. Qxd8 Rfxd8 18. Rxd8+ Rxd8 19. Nxe5 Bxe4 20. Ng4 Rd6 21. Nxf6+ 1/2-1/2

[Event "Turkey Cup 2020"]
[Site "Antalya-Belek"]
[Date "2020.01.30"]
[Round "7.3"]
[White "Bacak, Muhammed Kaan"]
[Black "Ozen, Deniz"]
[Result "0-1"]
[WhiteElo "2158"]
[BlackElo "2423"]
[Annotator "TA"]
[PlyCount "66"]
[EventDate "2020.01.26"]
[EventType "swiss"]
[EventCountry "TUR"]
[SourceTitle "playchess.com"]
[Source "ChessBase"]
[SourceQuality "1"]

1. Nf3 Nf6 2. d4 d5 3. c4 dxc4 4. e3 e6 5. Bxc4 c5 6. O-O cxd4 7. exd4 Be7 8. Nc3 O-O 9. Bg5 Nc6 10. a3 b6 11. Qd2 Bb7 12. Ba2 Na5 13. Ne5 Nd5 14. Bxe7 Nxe7 15. b4 Nac6 16. Rfd1 Nxe5 17. dxe5 Qxd2 18. Rxd2 Ng6 19. Re1 Rfd8 20. Rxd8+ Rxd8 21. Bb1 Nf4 22. Be4 Bxe4 23. Rxe4 Rd3 24. Rxf4 Rxc3 25. h4 Rxa3 26. Rc4 h5 27. Rc7 Ra1+ 28. Kh2 Ra4 29. g3 a6 30. Ra7 Rxb4 31. Rxa6 Kh7 32. Ra7 Kg6 33. Rb7 b5 0-1

[Event "Turkey Cup 2020"]
[Site "Antalya-Belek"]
[Date "2020.01.30"]
[Round "7.4"]
[White "Kamer, Kayra"]
[Black "Kesgin, Halit Kaan"]
[Result "1/2-1/2"]
[WhiteElo "2348"]
[BlackElo "2061"]
[Annotator "TA"]
[PlyCount "130"]
[EventDate "2020.01.26"]
[EventType "swiss"]
[EventCountry "TUR"]
[SourceTitle "playchess.com"]
[Source "ChessBase"]
[SourceQuality "1"]

1. Nf3 d5 2. g3 Nf6 3. Bg2 c5 4. O-O Nc6 5. d3 g6 6. c3 Bg7 7. Qa4 O-O 8. Qh4 Re8 9. e4 dxe4 10. dxe4 Bg4 11. h3 Bxf3 12. Bxf3 Qd3 13. Bg2 Ne5 14. Qf4 Nc4 15. Re1 Nh5 16. Qf3 Ne5 17. Qe3 Rad8 18. Qxc5 Nxg3 19. fxg3 Qxg3 20. Rf1 Rd3 21. Qf2 Nf3+ 22. Qxf3 Rxf3 23. Rxf3 Qe1+ 24. Rf1 Qe2 25. Bf3 Qd3 26. Bf4 e5 27. Bh2 f5 28. Na3 fxe4 29. Bg2 Rd8 30. Rae1 e3 31. Bf3 e4 32. Be2 Qd7 33. Bc4+ Kh8 34. Rxe3 Rf8 35. Rxf8+ Bxf8 36. Rxe4 h5 37. Be5+ Bg7 38. Bf4 g5 39. Bxg5 Qxh3 40. Bf4 Qf3 41. Re8+ Kh7 42. Be3 Bf6 43. Bf2 h4 44. Be2 Qf4 45. Re3 Be5 46. Kf1 Qh2 47. Bg4 Bg3 48. Bg1 Qxb2 49. Nc4 Qb1+ 50. Kg2 Qxa2+ 51. Be2 b5 52. Ne5 Qd5+ 53. Bf3 Qxe5 54. Rxe5 Bxe5 55. Bd4 Bxd4 56. cxd4 Kg6 57. Kf2 Kf5 58. Bc6 h3 59. Ke3 h2 60. Kd3 a5 61. Kc3 Ke6 62. Bg2 Kd6 63. Kb3 Ke6 64. Bh1 Kd6 65. Bg2 Ke6 1/2-1/2